000 01200nam a2200241 i 4500
001 24304
003 ES-MaACL
005 20250815062532.0
007 t|
008 021217m18041806sp ||||1| spa d
100 1 _aAntillón, Isidoro de.
_921903
245 1 0 _aLecciones de Geografia Astronómica Natural y Política /
_cescritas de Orden de S.M ... por el Dr. D. Isidoro de Antillón, del Gremio y Claustro de la Universidad de Valencia.
260 _aMadrid :
_b[s.n.],
_c1804-1806 (
_fImp. Real)
300 _a2 v. (XIII, [1] h., 400 p., [6] h. de lám. pleg.; [4] h., 301 p., [2] h. de lám. pleg., [1] h.) :
_bil. ;
_c17 cm.
530 _aDisponible también en sitio web.
597 _aEn v. 1, las h. de lám. son grab. de instrumentos e ilustraciones relacionadas con la Astronomía.
597 _aEn v. 2, las h. pleg son ilustraciones relacionadas con la Astronomía y un mapamundi.
650 7 _aAstronomía
_2embne
_910386
650 0 7 _aGeografía
_2embne
_913070
852 _aES-MaACL
_jZ-293-94
_xOlim: D-432-33
856 _uhttp://bibliotecadigitalhispanica.bne.es:80/webclient/DeliveryManager?pid=2923923&custom_att_2=simple_viewer
_zIr a la página
999 _c24304
_d24304